Cities With The Same Name (U.S. States) - Statistics

General Stats
  • This quiz has been taken 25 times
  • The average score is 10 of 16
Answer Stats
State City Other State % Correct
Maine Augusta Georgia
96%
Oregon Portland Maine
96%
Illinois Aurora Colorado
92%
Indiana Lafayette Louisiana
92%
South Carolina Charleston West Virginia
92%
Massachusetts Salem Oregon
88%
Virginia Arlington Texas
88%
Kentucky Newport Rhode Island
71%
Ohio Columbus Georgia
58%
Delaware Wilmington North Carolina
58%
South Carolina Columbia Missouri
50%
Illinois Peoria Arizona
33%
Illinois Decatur Alabama
25%
Washington Bellevue Nebraska
25%
New Jersey Newark Ohio
17%
Missouri St. Charles Illinois
8%
No matching quizzes found
Score Distribution
Percent of People with Each Score
Percentile by Number Answered
Your Score History
You have not taken this quiz